| Tag |
First Indicator |
Second Indicator |
Subfields |
| LEADER |
00000cem a2200000Ia 4500 |
| 001 |
in00002419821 |
| 005 |
20151111041010.0 |
| 006 |
a b f000 0 |
| 007 |
aj canzn |
| 008 |
930519s1971 dcuag a f 1 eng d |
| 034 |
1 |
|
|a a
|b 31680
|d W1160000
|e W1154500
|f N0394500
|g N0393000
|
| 035 |
|
|
|a (OCoLC)ocm28131704
|
| 035 |
|
|
|a (OCoLC)28131704
|
| 040 |
|
|
|a UUM
|c UUM
|d NMT
|d OCL
|d OCLCG
|d UPM
|d TXA
|d UtOrBLW
|
| 043 |
|
|
|a n-us-nv
|
| 049 |
|
|
|a TXAM
|
| 050 |
1 |
4 |
|a G4353.E8C5 1968
|b .N65
|
| 052 |
|
|
|a 4353
|b E8
|b W5
|
| 074 |
|
|
|a 0619-G-08
|
| 086 |
0 |
|
|a I 19.91:I-612
|
| 100 |
1 |
|
|a Nolan, Thomas B.
|q (Thomas Brennan),
|d 1901-
|
| 245 |
1 |
0 |
|a Geologic map of the Eureka quadrangle, Eureka and White Pine counties, Nevada /
|c by T.B. Nolan, C.W. Merriam, and D.A. Brew.
|
| 246 |
3 |
0 |
|a Eureka quadrangle, Eureka and White Pine counties, Nevada
|
| 255 |
|
|
|a Scale 1:31,680
|c (W 116⁰00ʹ00ʺ--W 115⁰45ʹ00ʺ/N 39⁰45ʹ00ʺ--N 39⁰30ʹ00ʺ)
|
| 264 |
|
1 |
|a Washington, D.C. :
|b U.S. Geological Survey,
|c 1971.
|
| 300 |
|
|
|a 1 map and 1 sheet of cross sections :
|b color ;
|c sheets 102 x 103 cm., folded in envelope 30 x 24 cm. +
|e text (8 pages ; 27 cm.)
|
| 336 |
|
|
|a cartographic image
|b cri
|2 rdacontent
|
| 337 |
|
|
|a unmediated
|b n
|2 rdamedia
|
| 338 |
|
|
|a sheet
|b nb
|2 rdacarrier
|
| 490 |
1 |
|
|a Miscellaneous geologic investigations ;
|v map I-612
|
| 500 |
|
|
|a Relief shown by contours and spot heights.
|
| 500 |
|
|
|a "Geology mapped 1938-1968."
|
| 500 |
|
|
|a Twelve col. cross sections on sheet 2.
|
| 504 |
|
|
|a Bibliography in text.
|
| 500 |
|
|
|a Cartographic material.
|
| 650 |
|
0 |
|a Geology
|z Nevada
|z Eureka County
|v Maps.
|
| 650 |
|
0 |
|a Geology
|z Nevada
|z White Pine County
|v Maps.
|
| 700 |
1 |
|
|a Merriam, Charles Warren,
|d 1905-
|
| 700 |
1 |
|
|a Brew, David A.
|
| 710 |
2 |
|
|a Geological Survey (U.S.)
|
| 830 |
|
0 |
|a Miscellaneous geologic investigations ;
|v map I-612.
|
| 994 |
|
|
|a C0
|b TXA
|
| 948 |
|
|
|a cataloged
|b h
|c 2009/06/26
|e mansari
|f 02:07:37 pm
|
| 999 |
|
|
|a MARS
|
| 999 |
f |
f |
|s abfb5238-2b70-3ece-81b7-7f774b245e7d
|i 7b0c4591-c097-34c2-80c7-4bbe002d53f6
|t 0
|
| 952 |
f |
f |
|p normal
|a Texas A&M University
|b College Station
|c Sterling C. Evans Library
|d Evans: Maps File (2nd floor)
|t 0
|e I 19.91:I-612
|h Superintendent of Documents classification
|i unmediated -- sheet
|m A14816685247
|
| 998 |
f |
f |
|a I 19.91:I-612
|t 0
|l Evans: Maps File (2nd floor)
|